1672 1988 1079 1601 1237 1928 1529 1385 1393 1311 1051 1891 1645 1228 1257 1808 1265 1922 1771 1732 1306 1136 1321 1107 1652 1286 1733 1774 1023 1243 1461 1210 1846 1070 1653 1624 1461 1795 1280 1497 1321 1635 1960 1432 1410 1263 1726 1597 1605 1187 1469 1217 1570 1712 1914 1782 1993 1288 1825 1935 1395 1106 1671 1693 1371 1533 1690 1770 1762 1109 1692 1911 1306 1636 1920 1366 1767 1436 1176 1713 1007 1387 1996 1957 1639 1433 1957 1014 1543 1394 1220 1778 1233 1425 1342 1957 1382 1047 1500 BCNSPRNW ULIB Ver.6.0+V

เปลี่ยนเป็นภาษาไทย

Change to English
 แสดงรายละเอียดบรรณานุกรม
  กลับหน้าหลัก

Brief Record : Get Marc (ISO 2709) : E-mail record : QR code < ปิดหน้าต่าง
LEADER : 00000nam 2200000uu 4500
001    13399114841
003     ULIB
008    110627s2555||||th 000 0 tha d
090    นว.^bว918G
100 0  เวสต์ แคลร์
245 00 ภูตทรายจอมซ่ากับห้าพี่น้องสุดแสบ/^cเวสต์ แคลร์
250    พิมพ์ครั้งที่ 1
260    กรุงเทพฯ :^bซีเอ็ดยูเคชั่น,^c2555-
300     หน้า
945    ^p0^l0^i028109
995    ทศพร
999 ^a ใช้งานได้ทุกระบบ
รายการนี้ยังไม่มีแท็ก
คุณยังไม่ได้ล็อกอิน คุณสามารถมีกิจกรรมร่วมกับเว็บไซต์ได้ แต่ต้องล็อกอินก่อน ::
  ล็อกอิน

รายการสื่อสารสนเทศ

ลำดับที่ ประเภท เลขเรียก/บาร์โค้ด สถานที่ สถานะ
1. นวนิยาย
นวนิยาย
นว. ว918G ฉ.1 
  Barcode: 028109
ห้องสมุดวิทยาเขตสวรรค์ประชารักษ์
►นวนิยาย
บนชั้น
  ขอยืม

รายการใกล้เคียง
    ผู้แต่ง [เวสต์ แคลร์]

BibComment


ยังไม่เคยถูกคอมเมนท์

คอมเมนท์ทรัพยากรรายการนี้
  คอมเมนท์: ภูตทรายจอมซ่ากับห..


 Copyright 2026. Bcnsprnw @Library